Introduction to distance sampling : (Registro nro. 2761)

Detalles MARC
000 -CABECERA
Campo de control 00950cam a2200253 i 4500
005 - FECHA Y HORA DE LA ULTIMA TRANSACCION
Campo de control 20160206093029.0
008 - ELEMENTOS DE LONGITUD FIJA—INFORMACION GENERAL
Campo de control 010402s2001 enkab b 001 0 eng
020 ## - ISBN
ISBN 019850649X
020 ## - ISBN
ISBN 0198509278 (pbk.)
040 ## - FUENTE DE CATALOGACIÓN
Agencia catalogadora original DLC
Agencia transcriptora DLC
Agencia Modificadora DLC
-- WaU
-- DLC
041 0# - IDIOMA
Código de idioma para texto/pista de sonido o título separado Inglés
042 ## - AUTHENTICATION CODE
Authentication code pcc
082 04 - NUMERO DE CLASIFICACION DECIMAL DEWEY
Número de clasificación 591.788
Número del ítem B92i
100 1# - ASIENTO PRINCIPAL--NOMBRE PERSONAL
Nombre personal Buckland, S. T.
9 (RLIN) 17333
245 10 - MENCION DE TITULO
Título Introduction to distance sampling :
Parte restante del título estimating abundance of biological populations /
Mención de responsabilidad S.T. Buckland y (otors cinco autores).
260 ## - PUBLICACION, DISTRIBUCION, ETC. (PIE DE IMPRENTA)
Lugar de publicación, distribución, etc. Oxford ;
-- New York :
Nombre del editor, distribuidor, etc. Oxford University Press,
Fecha de publicación, distribución, etc. 2001.
300 ## - DESCRIPCION FISICA
Extensión xv, 432 páginas :
Otros detalles físicos ilustraciones y mapas ;
Dimensiones 24 cm.
504 ## - NOTA DE BIBLIOGRAFIA, ETC.
Nota de bibliografía Incluye referencias bibliográficas e índice.
650 14 - ASIENTO SECUNDARIO DE MATERIA - TERMINO TEMATICO
Término temático o nombre geográfico como elemento de entrada Población animal
9 (RLIN) 57299
650 24 - ASIENTO SECUNDARIO DE MATERIA - TERMINO TEMATICO
Término temático o nombre geográfico como elemento de entrada Biología de población
9 (RLIN) 57300
650 24 - ASIENTO SECUNDARIO DE MATERIA - TERMINO TEMATICO
Término temático o nombre geográfico como elemento de entrada Muestreo (Estadística)
9 (RLIN) 57298
856 41 - LOCALIZACION Y ACCESO ELECTRONICOS
Especificación de los materiales Tabla de contenido
Identificador Uniforme del Recurso http://www.loc.gov/catdir/enhancements/fy0612/2001033232-t.html
942 ## - ELEMENTOS ADICIONALES (KOHA)
Sistema de clasificación Dewey Decimal Classification
Tipo de ítem Libro
Existencias
Withdrawn status Lost status Sistema de Clasificación Damaged status No para préstamo Colección Inventariado Ubicación Permanente Ubicación actual Fecha de adquisición Fuente de Valor Valor Total Checkouts Número topográfico Inventario / Código de Barras Date last seen Ejemplar Price effective from Forma de adquisición Tipo de material
    Dewey Decimal Classification     General Inventariado 2017 Bogotá Bogotá 18/06/2002 Instituto 39000.00   LB-591.788 B92i 004954 04/12/2012 Ej. 1 04/12/2012 Compra Libro
    Dewey Decimal Classification     General Inventariado 2017 Sala Fabio Quevedo Sala Fabio Quevedo 06/06/2003 Instituto 39000.00   LB-591.788 B92i 004955 04/12/2012 Ej. 2 04/12/2012 Compra Libro